Keeping Score. (Record no. 348282)

000 -LEADER
fixed length control field 00448 a2200157 4500
020 ## - INTERNATIONAL STANDARD BOOK NUMBER
International Standard Book Number 8120331109
022 ## - INTERNATIONAL STANDARD SERIAL NUMBER
International Standard Serial Number 9788120331105
082 ## - DEWEY DECIMAL CLASSIFICATION NUMBER
Classification number 510.71
090 ## - LOCALLY ASSIGNED LC-TYPE CALL NUMBER (OCLC); LOCAL CALL NUMBER (RLIN)
-- 5886
-- 5886
100 ## - MAIN ENTRY--PERSONAL NAME
Personal name Brown,Mark Graham.
245 ## - TITLE STATEMENT
Title Keeping Score.
Remainder of title Using the Right Metrics to drive World-Class Performance.
Statement of responsibility, etc. Mark Graham Brown
260 ## - PUBLICATION, DISTRIBUTION, ETC.
Place of publication, distribution, etc. New Delhi
Name of publisher, distributor, etc. Prentice Hall of India
Date of publication, distribution, etc. 2007
300 ## - PHYSICAL DESCRIPTION
Extent 198p
500 ## - GENERAL NOTE
General note Hard cover
942 ## - ADDED ENTRY ELEMENTS (KOHA)
Institution code [OBSOLETE] NBS
Koha item type Book
Call number prefix 510.71 BRO
Holdings
Withdrawn status Lost status Damaged status Not for loan Permanent Location Current Location Date acquired Total Checkouts Full call number Barcode Date last seen Date last checked out Price effective from Koha item type
        Central Library (CL) Central Library (CL) 08/28/2013 1 510.71 BRO NBS8561 01/11/2023 08/25/2017 08/28/2013 Book
© 2023 Central Library, National University of Sciences and Technology. All Rights Reserved.